| 000 -LEADER | |
|---|---|
| fixed length control field | 00421nam a22001697a 4500 |
| 005 - DATE AND TIME OF LATEST TRANSACTION | |
| control field | 20170330111756.0 |
| 008 - FIXED-LENGTH DATA ELEMENTS--GENERAL INFORMATION | |
| fixed length control field | 160630b xxu||||| |||| 00| 0 eng d |
| 020 ## - INTERNATIONAL STANDARD BOOK NUMBER | |
| ISBN | 81-219-2437-5 |
| 041 ## - LANGUAGE CODE | |
| Language code of text/sound track or separate title | eng |
| 082 ## - DEWEY DECIMAL CLASSIFICATION NUMBER | |
| Item number | 19819 |
| 100 ## - MAIN ENTRY--AUTHOR NAME | |
| Personal name | Theraja B L & AK |
| 245 ## - TITLE STATEMENT | |
| Title | Electrical Technology |
| 260 ## - PUBLICATION, DISTRIBUTION, ETC. (IMPRINT) | |
| Place of publication | New Delhi |
| Name of publisher | Sultan Chand & Sons, |
| Year of publication | 2013 |
| 300 ## - PHYSICAL DESCRIPTION | |
| Number of Pages | 1568 |
| 650 ## - SUBJECT ADDED ENTRY--TOPICAL TERM | |
| Topical Term | Diploma Engineering |
| 942 ## - ADDED ENTRY ELEMENTS (KOHA) | |
| Koha item type | Books |
| Lost status | Damaged status | Home library | Current library | Shelving location | Date acquired | Cost, normal purchase price | Full call number | Accession Number | Koha item type | Collection code | Source of acquisition |
|---|---|---|---|---|---|---|---|---|---|---|---|
| JRU Library | SHELF-38-M | 30/06/2016 | 550.00 | 621.3 | 19819 | Books | |||||
| JRU Library | SHELF-38-M | 30/06/2016 | 550.00 | 621.3 | 19820 | Books | |||||
| JRU Library | SHELF -72- G | 30/06/2016 | 550.00 | 19819 | 19821 | Books | Reference | ||||
| JRU Library | SHELF-38-M | 30/06/2016 | 550.00 | 19819 | 19822 | Books | |||||
| JRU Library | SHELF-38-M | 30/06/2016 | 550.00 | 19819 | 19823 | Books | |||||
| JRU Library | SHELF-38-M | 30/06/2016 | 550.00 | 19819 | 19824 | Books | |||||
| JRU Library | JRU Library | SHELF-59-G | 30/06/2016 | 550.00 | 19819 | 19825 | Books | MINING | PURCHASE | ||
| JRU Library | SHELF-38-M | 30/06/2016 | 550.00 | 19819 | 19826 | Books | |||||
| JRU Library | SHELF-38-M | 30/06/2016 | 550.00 | 19819 | 19827 | Books | |||||
| JRU Library | SHELF-38-M | 30/06/2016 | 550.00 | 19819 | 19828 | Books | |||||
| JRU Library | SHELF-38-M | 30/06/2016 | 550.00 | 19819 | 19829 | Books | |||||
| JRU Library | SHELF-38-M | 30/06/2016 | 550.00 | 19819 | 19830 | Books | |||||
| JRU Library | SHELF-38-M | 30/06/2016 | 550.00 | 19819 | 19831 | Books | |||||
| JRU Library | SHELF-38-M | 30/06/2016 | 550.00 | 19819 | 19832 | Books | |||||
| JRU Library | SHELF-38-M | 30/06/2016 | 550.00 | 19819 | 19833 | Books | |||||
| JRU Library | SHELF-38-K | 29/03/2017 | 400.00 | 621.3 | 21521 | Books | Reference | PURCHASE | |||
| JRU Library | SHELF-38-K | 29/03/2017 | 400.00 | 19819 | 21522 | Books | PURCHASE | ||||
| JRU Library | SHELF-38-K | 29/03/2017 | 400.00 | 19819 | 21523 | Books | PURCHASE |